000 01077naa a22002897a 4500
001 BR7503336
003 BR-BrBNA
005 20240918173748.0
007 ta
008 230509b bl.||||| |||| 00| 0 por d
040 _aBR-BrBNA
_bpor
_cBiblioteca Nacional de Agricultura
041 _a(Pt)
072 _aF10
_b2120
090 _aF10 BR7503336
100 1 _aCamargo, A.P. de
111 1 _a3. Congresso Brasileiro de Pesquisas Cafeeiras
_cCuritiba, PR (Brazil)
_d18 Nov 1975
245 1 _aDeterminacao de temperaturas maximas e minimas diarias em abrigo simplificado: modelo IBC-GERCA
260 3 _aRio de Janeiro, RJ (Brasil):
_c1975.
500 _aResumos do 3. Congresso Brasileiro de Pesquisas Cafeeiras Rio de Janeiro, RJ (Brasil): 1975. p. 189-191 (BR7503336-AM)F10
650 _aMETEOROLOGIA
650 _aCAFE
650 _aTEMPERATURA
650 _aAR
773 0 _tResumos do 3. Congresso Brasileiro de Pesquisas Cafeeiras
_wF10 BR7503336
_gRio de Janeiro, RJ (Brasil), 1975. p. 189-191
909 _a202404
_bLucia
_c55
_dLucia Elande
942 _cAM
_2AGRIS
999 _c306716
_d306716